00671nam a2200193Ia 4500003000900000008004100009020002200050040001600072080001600088100002800104245009200132260003900224300001500263650002100278650002200299942000700321999001700328952013200345IN-BaIIA211028s9999 xx 000 0 eng d a978-981-4525-59-6 cIIA Library a530.12bEGD aEgdall, Ira Mark936149 0aEinstein relatively simplebour universe revealed in everyday languagecIra Mark Egdall aNew JerseybWorld Scientificc2014 axiv, 383p. aEinstein, Albert aRelatively936150 cBK c18924d18924 00104070aBANbBANcGENd2014-11-05eINT g3879.00l0o530.12/ EGDp19846r2021-11-05v3879.00w2014-11-05yBKGRs. 3879.00